000 00299nam a22001337a 4500
008 190306b xxu||||| |||| 00| 0 eng d
020 _a9781560533115
041 _aeng
080 _a610
100 _a4
101 _aSHM
245 _aDifferential Diagnosis Mnemonics
_cDonnelly
942 _2udc
_cBK
999 _c54630
_d54630